Normal view
MARC view
- Courage
Entry Topical Term
001 - CONTROL NUMBER
- control field: 96360
003 - CONTROL NUMBER IDENTIFIER
- control field: NUST
005 - DATE AND TIME OF LATEST TRANSACTION
- control field: 20220802181109.0
008 - FIXED-LENGTH DATA ELEMENTS
- fixed length control field: 220802|| aca||aabn | a|a d
040 ## - CATALOGING SOURCE
- Original cataloging agency: NUST
- Transcribing agency: NUST
150 ## - HEADING--TOPICAL TERM
- Topical term or geographic name entry element: Courage
- Form subdivision: Quotations
670 ## - SOURCE DATA FOUND
- Source citation: Work cat.: (NUST)0: Smith, Maggie, 1965- author. 96357, Keep moving :
